| 000 | 00683nam a2200229 a 4500 | ||
|---|---|---|---|
| 001 | 000016943 | ||
| 003 | DO-SdBNP | ||
| 005 | 20240322181140.0 | ||
| 007 | ta | ||
| 008 | 100312s1947 dr 000 0 spa d | ||
| 040 |
_aDO-SdBNP _bspa _cBNPHU |
||
| 082 |
_axxxx _bN789e |
||
| 100 | 1 |
_aNolasco, Flérida de, _d1891-1976 _935151 |
|
| 245 | 1 | 0 |
_aExistencia y vicisitudes del colegio Gorjón / _cFlerida de Nolasco. |
| 260 |
_aCiudad Trujillo, República Dominicana : _bMontalvo, _c1947. |
||
| 300 |
_a25p. ; _c22 cm. |
||
| 500 | _aIncluye notas a pie de paginas. | ||
| 504 | _aBibliografía : p. 26 | ||
| 590 | _aInventariado, 2022/ YL | ||
| 910 | _aYLockward | ||
| 942 |
_2ddc _cLF2 |
||
| 999 |
_c16475 _d16475 |
||